Super Smash Bros. Ultimate Spirits Quiz pt. 3 (1001-1496) - Statistics

General Stats
  • This quiz has been taken 20 times
  • The average score is 92 of 493
Answer Stats
Spirit Name Category Series % Correct
Alex Fighter Minecraft
67%
Bomberman Primary Bomberman
67%
Cloud Fighter FINAL FANTASY
67%
Devil Support Devil World
67%
Enderman Primary Minecraft
67%
Richter Belmont Fighter Castlevania
67%
Sephiroth Fighter FINAL FANTASY
67%
Shantae Primary Shantae
67%
Sheriff Support Sheriff
67%
Simon Belmont Fighter Castlevania
67%
Spring Man Primary ARMS
67%
Steve Fighter Minecraft
67%
Zombie Primary Minecraft
67%
Arthur Primary Ghosts 'n Goblins
56%
Banjo & Kazooie Fighter Banjo-Kazooie
56%
Bayonetta (Bayonetta) Fighter Bayonetta
56%
Bayonetta (Bayonetta 2) Fighter Bayonetta
56%
Byleth (Female) Fighter Fire Emblem
56%
Byleth (Male) Fighter Fire Emblem
56%
Captain Rainbow Primary Captain Rainbow
56%
Chibi-Robo Primary Chibi-Robo!
56%
Cuphead Primary Cuphead
56%
Dracula Primary Castlevania
56%
Ender Dragon Support Minecraft
56%
Inkling (Boy) Fighter Splatoon
56%
Inkling (Girl) Fighter Splatoon
56%
Isaac Primary Golden Sun
56%
Kazuya Mishima Fighter Tekken
56%
Kid Dracula Primary Kid Dracula
56%
Min Min Primary ARMS
56%
Mugman Primary Cuphead
56%
Mythra Fighter Xenoblade Chronicles
56%
Pig Support Cubivore: Survival of the Fittest
56%
Pyra Fighter Xenoblade Chronicles
56%
Ribbon Girl Primary ARMS
56%
Rodin Primary Bayonetta
56%
Shovel Knight Primary Shovel Knight
56%
Skeleton Support Minecraft
56%
Squid Sisters Support Splatoon
56%
Starfy Primary The Legendary Starfy
56%
Terry Bogard Fighter FATAL FURY
56%
Tifa Primary FINAL FANTASY
56%
Akira Primary Virtua Fighter
44%
Alucard Primary Castlevania
44%
Ann Takamaki Primary Persona
44%
Balloon Fighter Support Balloon Fighter
44%
Barbara the Bat Primary Jam with the Band
44%
Barret Primary FINAL FANTASY
44%
Chris Primary Resident Evil
44%
Cloud (Advent Children) Fighter FINAL FANTASY
44%
Corviknight Support Pokémon
44%
Crazy Hand Primary Super Smash Bros.
44%
Creeper Primary Minecraft
44%
Dillon Primary Dillon's Dead-Heat Breakers
44%
Dr. Wright Support SimCity
44%
Edelgard Primary Fire Emblem
44%
Excitebike Support Excitebike
44%
Gruntilda Support Banjo-Kazooie
44%
Heihachi Mishima Primary Tekken
44%
Heracles Primary Glory of Heracles
44%
Hero (DRAGON QUEST III) Fighter DRAGON QUEST
44%
Hero (DRAGON QUEST VIII) Fighter DRAGON QUEST
44%
Ibuki Support Street Fighter
44%
Jill Support Resident Evil
44%
Jin Primary Xenoblade Chronicles
44%
Karate Joe Primary Rhythm Heaven
44%
Mach Rider Primary Mach Rider
44%
Master Hand Primary Super Smash Bros.
44%
Mii Brawler Fighter Super Smash Bros.
44%
Mii Gunner Fighter Super Smash Bros.
44%
Mii Swordfighter Fighter Super Smash Bros.
44%
MONSTER Support Famicom Grand Prix II: 3D Hot Rally
44%
Morgana Primary Persona
44%
Morpeko Support Pokémon
44%
Mumbo Jumbo Primary Banjo-Kazooie
44%
Octoling Primary Splatoon
44%
Partner Eevee Support Pokémon
44%
Partner Pikachu Support Pokémon
44%
Rathalos Support MONSTER HUNTER
44%
Rayman Primary Rayman
44%
Ring Support Ring Fit Adventure
44%
Sheldon Master Splatoon
44%
Shield Knight Support Shovel Knight
44%
Sukapon Primary Joy Mech Fight
44%
Tabuu Primary Super Smash Bros.
44%
Takamaru Primary The Mysterious Murasame Castle
44%
The Chorus Kids Primary Rhythm Heaven
44%
Travis Touchdown Primary No More Heroes
44%
Twintelle Support ARMS
44%
Vince Support Art Academy
44%
Wesker Primary Resident Evil
44%
Aerith Support FINAL FANTASY
33%
Andy Primary Famicom Wars
33%
Andy Bogard Support FATAL FURY
33%
Arcade Bunny Support Nintendo Badge Arcade
33%
Claude Primary Fire Emblem
33%
Crusty Sean Support Splatoon
33%
Dr. Kawashima Primary Brain Age: Train Your Brain in Minutes a Day!
33%
Elite Beat Agents Support Elite Beat Agents
33%
Futaba Sakura Support Persona
33%
Galeem Primary Super Smash Bros.
33%
Geese Howard Support FATAL FURY
33%
Golem Primary DRAGON QUEST
33%
Goro Akechi Support Persona
33%
Haru Okumura Primary Persona
33%
Helix Support ARMS
33%
Hero (DRAGON QUEST IV) Fighter DRAGON QUEST
33%
Hockey Players Support Ice Hockey
33%
Ifrit Primary FINAL FANTASY
33%
Igor Support Persona
33%
Inkling Squid Support Splatoon
33%
Jiggy Support Banjo-Kazooie
33%
Joker (Phantom Thief) Fighter Persona
33%
Judd Support Splatoon
33%
Juri Support Street Fighter
33%
King Dice Support Cuphead
33%
King Knight Primary Shovel Knight
33%
Labrador Retriever Support Nintendogs
33%
Leon Primary Resident Evil
33%
Lip Support Panel de Pon
33%
Makoto Niijima Support Persona
33%
Master Core Primary Super Smash Bros.
33%
Medusa Head Support Castlevania
33%
Min Min (Fighter) Fighter ARMS
33%
Nick Primary Captain Rainbow
33%
Nikki Support Swapnote
33%
Ninjara Support ARMS
33%
Off the Hook Support Splatoon
33%
Piglin Support Minecraft
33%
Piranha Plant Fighter Super Mario
33%
Plague Knight Support Shovel Knight
33%
Prince of Sablé Primary Kaeru no Tame ni Kane wa Naru
33%
Ray Mk II Primary Custom Robo
33%
Ray Mk III Primary Custom Robo
33%
Risky Boots Support Shantae
33%
Ryuji Sakamoto Primary Persona
33%
Sakuna Primary Sakuna: Of Rice and Ruin
33%
Slime (DRAGON QUEST) Primary DRAGON QUEST
33%
Slime (Minecraft) Support Minecraft
33%
The Devil (Cuphead) Support Cuphead
33%
Tooty Support Banjo-Kazooie
33%
Wonder-Blue Primary The Wonderful 101
33%
Wonder-Red Primary The Wonderful 101
33%
Yuffie Support FINAL FANTASY
33%
Zacian & Zamazenta Primary Pokémon
33%
Bottles Primary Banjo-Kazooie
22%
Byte & Barq Primary ARMS
22%
Cap'n Cuttlefish Master Splatoon
22%
Caroline & Justine Support Persona
22%
Chocobo & Moogle Primary FINAL FANTASY
22%
Commander Support X
22%
Death Support Castlevania
22%
Devil Jin Primary Tekken
22%
Dharkon Primary Super Smash Bros.
22%
Dice Block Support Super Mario
22%
Dimitri (Fire Emblem) Primary Fire Emblem
22%
Diskun Support Disk System
22%
DJ Octavio Primary Splatoon
22%
Dorothea Support Fire Emblem
22%
Fish Primary Balloon Fighter
22%
Flick Primary Animal Crossing
22%
Galleom Primary Super Smash Bros.
22%
Ghast Support Minecraft
22%
Grookey, Scorbunny, & Sobble Primary Pokémon
22%
Hilda (Fire Emblem) Support Fire Emblem
22%
Ingrid Support Fire Emblem
22%
Jack-7 Primary Tekken
22%
Jenna Support Golden Sun
22%
Jinjos Primary Banjo-Kazooie
22%
Jin Kazama Primary Tekken
22%
King Slime Primary DRAGON QUEST
22%
Kunio Primary River City
22%
Li'l Judd Support Splatoon
22%
Link (Link's Awakening) Primary The Legend of Zelda
22%
Loki Support Bayonetta
22%
Looksley Support Looksley's Line Up
22%
Magkid Support Slide Adventure MAGKID
22%
Mechanica Support ARMS
22%
Monita Support Nintendo Land
22%
Mummy Primary Castlevania
22%
Nina Williams Support Tekken
22%
Octoling Octopus Support Splatoon
22%
Olivia Support Paper Mario
22%
Owl Support The Legend of Zelda
22%
Peachette Primary Super Mario
22%
Prince Richard Primary Kaeru no Tame ni Kane wa Naru
22%
Qbby Support BOXBOY!
22%
Ralf & Clark Primary Ikari Warriors
22%
Red XIII Primary FINAL FANTASY
22%
Saki Amamiya Primary Sin & Punishment
22%
Sandbag Support Super Smash Bros.
22%
Seteth Support Fire Emblem
22%
Soma Cruz Primary Castlevania
22%
Sophia Primary Persona
22%
Specter Knight Primary Shovel Knight
22%
Tennis Player Support Tennis
22%
The Mighty Jinjonator Primary Banjo-Kazooie
22%
Unira Support Clu Clu Land
22%
Villager & Iron Golem Primary Minecraft
22%
Vincent Primary FINAL FANTASY
22%
Werewolf Support Castlevania
22%
Yakuman Player Support Yakuman
22%
Yusuke Kitagawa Primary Persona
22%
Zip Support FlingSmash
22%
Affinity Primary Bayonetta
11%
Allen Primary Culdcept
11%
Alraune Support Bayonetta
11%
Annie Support Splatoon
11%
Ayumi Tachibana Support Famicom Tantei Club
11%
Balder Primary Bayonetta
11%
Baxter & Forthington Support Rhythm Heaven
11%
Beetle Support Excitebots: Trick Racing
11%
Bisk Support Splatoon
11%
Bubbles Support Clu Clu Land
11%
Buzzbomb Support Banjo-Kazooie
11%
Cait Sith Support FINAL FANTASY
11%
Carmilla Support Castlevania
11%
Cereza Support Bayonetta
11%
Chibi-Tot Primary Chibi-Robo!
11%
Cid Support FINAL FANTASY
11%
C.J. Support Animal Crossing
11%
Clip & Snip Support Snipperclips - Cut it out, together!
11%
Cutie J Primary Bayonetta
11%
Daisy Mae Support Animal Crossing
11%
Donbe & Hikari Primary Famicom Mukashibanashi
11%
Dracky Support DRAGON QUEST
11%
Dracula (2nd Form) Support Castlevania
11%
Dragaux Primary Ring Fit Adventure
11%
Dr. Lobe Support Big Brain Academy
11%
Duon Primary Super Smash Bros.
11%
Duran & Angela Support Mana
11%
Eagle Primary Famicom Wars
11%
Eddy Support Fluidity: Spin Cycle
11%
Esna Support Ever Oasis
11%
Father Balder Primary Bayonetta
11%
Flow Support Splatoon
11%
Fortitudo Primary Bayonetta
11%
Frog & Snake Primary Kaeru no Tame ni Kane wa Naru
11%
Fury Bowser Primary Super Mario
11%
Garet Primary Golden Sun
11%
Giga Bowser Primary Super Smash Bros.
11%
Girl from Hajimari no Mori Support Hajimari no Mori
11%
Golden Dash Mushroom Support Super Mario
11%
Great Sabrecat Primary DRAGON QUEST
11%
Great Sabrecub Primary DRAGON QUEST
11%
Great Zapfish Support Splatoon
11%
Hakkun Support Sutte Hakkun
11%
Hanenbow Support Electroplankton
11%
Hawkeye & Riesz Support Mana
11%
Henry Fleming Support Code Name: S.T.E.A.M.
11%
Hero (DRAGON QUEST XI S) Fighter DRAGON QUEST
11%
Inspired Primary Bayonetta
11%
Iori Yagami Primary THE KING OF FIGHTERS
11%
Isa Jo Support Sin & Punishment
11%
I-Tetrimino Primary Tetris
11%
Ivan Support Golden Sun
11%
Jeanne Primary Bayonetta
11%
Jelfonzo Support Splatoon
11%
Joe Higashi Primary FATAL FURY
11%
Joker (Student) Fighter Persona
11%
Julius Belmont Support Castlevania
11%
Juste Belmont Primary Castlevania
11%
Kevin & Charlotte Support Mana
11%
King & Armor King Primary Tekken
11%
King Olly Primary Paper Mario
11%
Kittens Support Super Mario
11%
Kuma & Panda Support Tekken
11%
Kurikin Primary Kurikin Nano Island Story
11%
Kyle Support ASTRAL CHAIN
11%
Kyle Hyde Primary Hotel Dusk: Room 215
11%
Kyo Kusanagi Primary THE KING OF FIGHTERS
11%
Lappy Support ASTRAL CHAIN
11%
Lotus Primary Warframe
11%
L-Tetrimino & J-Tetrimino Support Tetris
11%
Luigi (Mario Golf: Super Rush) Primary Mario Golf: Super Rush
11%
Luka Support Bayonetta
11%
Magnamalo Primary MONSTER HUNTER
11%
Mallo Primary Pushmo
11%
Maria Renard Primary Castlevania
11%
Mario (Mario Golf: Super Rush) Primary Mario Golf: Super Rush
11%
Master Beast Primary Super Smash Bros.
11%
Master Giant Primary Super Smash Bros.
11%
Master Mummy Primary ARMS
11%
Matthew Primary Golden Sun
11%
Max Brass Support ARMS
11%
Mite Support Super Smash Bros.
11%
Muddy Mole Support Mole Mania
11%
Murch Support Splatoon
11%
Nakoruru Support SAMURAI SHODOWN
11%
Natah Primary Warframe
11%
Olaf Primary Famicom Wars
11%
Orville Primary Takt of Magic
11%
Orville & Wilbur Support Animal Crossing
11%
O-Tetrimino Primary Tetris
11%
Palamute Primary MONSTER HUNTER
11%
Palico Support MONSTER HUNTER
11%
Party Phil Support Wii Party
11%
Peach (Mario Golf: Super Rush) Support Mario Golf: Super Rush
11%
Peach (Paper Mario: The Origami King) Support Paper Mario
11%
Pitcher & Batter Support Baseball
11%
Primid Primary Super Smash Bros.
11%
Putty Support Magical Vacation
11%
Reporter & Wrestler Primary Rhythm Heaven
11%
Rhea Primary Fire Emblem
11%
Riki (River City) Primary River City
11%
Ring Fit Trainees Primary Ring Fit Adventure
11%
Russ Support Dillon's Dead-Heat Breakers
11%
Sakura Samurai Primary Sakura Samurai: Art of the Sword
11%
Shaft Support Castlevania
11%
Shiva Support FINAL FANTASY
11%
Sick Beats Doctor Support Rhythm Heaven
11%
Smash Ball Support Super Smash Bros.
11%
Sothis Support Fire Emblem
11%
Starly Primary The Legendary Starfy
11%
S-Tetrimino & Z-Tetrimino Primary Tetris
11%
Super Chibi-Robo Primary Chibi-Robo!
11%
Tama Support Sakuna: Of Rice and Ruin
11%
Tamagon Primary Devil World
11%
Telly Support Chibi-Robo!
11%
Tempo Primary HarmoKnight
11%
Tethu Primary Ever Oasis
11%
The Wandering Samurai Primary Rhythm Heaven
11%
Tockles Support DRAGON QUEST
11%
T-Rex Primary Fossil Fighters
11%
T-Tetrimino Support Tetris
11%
Volleyball Player Support Volleyball
11%
Yoshimitsu Primary Tekken
11%
Yun & Yang Primary Street Fighter
11%
Zapfish Support Splatoon
11%
Aeron Primary Pandora's Tower
0%
Aisya Primary ASH: Archaic Sealed Heat
0%
Akari Hayami Support 1080°
0%
Alessandro Inzaghi Support Napoleon
0%
Alexandra Roivas Primary Eternal Darkness: Sanity's Requiem
0%
Alfyn & Therion Support OCTOPATH TRAVELER
0%
Amalthus Support Xenoblade Chronicles
0%
Ancient Minister Primary Super Smash Bros.
0%
Ando Kensaku Support And-Kensaku
0%
Ashley Robbins Support Trace Memory
0%
ASTRAL CHAIN Hero (Female) Primary ASTRAL CHAIN
0%
ASTRAL CHAIN Hero (Male) Primary ASTRAL CHAIN
0%
Asuka Kazama Support Tekken
0%
Athena Asamiya Support Psycho Soldier
0%
Bahamut ZERO Support FINAL FANTASY
0%
Bayonette Support Custom Robo
0%
BlueShark Support Steel Diver
0%
Boss Galaga Support Galaga
0%
Bullet Walker (Brigadier General) Primary DAEMON X MACHINA
0%
Bytans Primary Super Smash Bros.
0%
Calista Primary The Last Story
0%
Cetacea Support DRAGON QUEST
0%
Charlotte Aulin Primary Castlevania
0%
Chef (Personal Trainer: Cooking) Support Personal Trainer: Cooking
0%
Claude - Five Years Later Primary Fire Emblem
0%
Coraline Support StreetPass Mii Plaza
0%
Crispin Support StreetPass Mii Plaza
0%
Culdra Support Culdcept
0%
Cupid Support Sennen Kazoku
0%
Dark Emperor Primary StreetPass Mii Plaza
0%
DeMille Primary Tomato Adventure
0%
Diminutive Guardian Support The Legend of Zelda
0%
Dimitri - Five Years Later (Fire Emblem) Primary Fire Emblem
0%
Dion, Max, & Jack Primary Marvelous: Mouhitotsu no Takarajima
0%
Donbe & Hikari (Shin Onigashima Kouhen) Primary Famicom Mukashibanashi
0%
Drake Redcrest Primary Chibi-Robo!
0%
Dr. Kawashima (Concentration Training) Primary Brain Age: Train Your Brain in Minutes a Day!
0%
Edelgard - Five Years Later Primary Fire Emblem
0%
Elena Support Pandora's Tower
0%
Elite Beat Divas Support Elite Beat Agents
0%
Elvis & Adelle Support Bravely Default
0%
Felix Primary Golden Sun
0%
Fighting Alloy Team Support Super Smash Bros.
0%
Flare Primary Custom Robo
0%
French Bulldog Support Nintendogs
0%
Frey & Freya Primary Zangeki no Reginleiv
0%
F-Type Primary Stunt Race FX
0%
FU (Jess-Baptiste VI) Support No More Heroes
0%
Full-Armor Travis (Full Green Mode) Primary No More Heroes
0%
Gabriel Belmont Primary Castlevania
0%
Giga Cat Mario Primary Super Mario
0%
Glory of Heracles Hero Primary Glory of Heracles
0%
Goda Support River City
0%
Goku & Chao Primary Famicom Mukashibanashi
0%
Gold Bone Primary StreetPass Mii Plaza
0%
Goligan Support Culdcept
0%
Gomorrah Primary Bayonetta
0%
H'aanit & Ophilia Support OCTOPATH TRAVELER
0%
Haohmaru Primary SAMURAI SHODOWN
0%
Harry Primary Teleroboxer
0%
Hector (Castlevania) Support Castlevania
0%
Hero's Comrades Support DRAGON QUEST
0%
High Line (Guns Empress) Support DAEMON X MACHINA
0%
Hsien Support Sujin Taisen: Number Battles
0%
Hugh Baldwin Primary Castlevania
0%
Idea Support Soma Bringer
0%
Impa (Age of Calamity) Primary The Legend of Zelda
0%
Inuji Darumeshi Support Darumeshi Sports Store
0%
Iris Archwell Primary StreetPass Mii Plaza
0%
Isaac (Dark Dawn) Primary Golden Sun
0%
Jelonzo Support Splatoon
0%
Jill & the Drill Dozer Support Drill Dozer
0%
Jonathan Morris Primary Castlevania
0%
Kageshina Kurabe Primary Nintendoji
0%
Kazuya Mishima (Coat) Fighter Tekken
0%
Kid Cobra Primary ARMS
0%
Kim Kaphwan Support FATAL FURY
0%
Kloster (Grief) Support DAEMON X MACHINA
0%
Kokorowa Support Sakuna: Of Rice and Ruin
0%
Leon Belmont Primary Castlevania
0%
Li'l Blue Support Nonono Puzzle Chalien
0%
Ling Xiaoyu Primary Tekken
0%
Liquid Metal Slime Support DRAGON QUEST
0%
Lora Support Xenoblade Chronicles
0%
Madama Butterfly Support Bayonetta
0%
Magical Vacation Protagonists Primary Magical Vacation
0%
Malos Primary Xenoblade Chronicles
0%
Mappo Primary Giftpia
0%
Maria Renard (Symphony of the Night) Primary Castlevania
0%
Maruhige Shop Owner Support Trade & Battle: Card Hero
0%
Masked Lumen Primary Bayonetta
0%
Master Edges Primary Super Smash Bros.
0%
Master Kohga Primary The Legend of Zelda
0%
Mattel Support The Legendary Starfy
0%
Mermaid Support The Legendary Starfy
0%
Mia Primary Golden Sun
0%
Milly Primary Baten Kaitos
0%
Mio & Mayu Amakura Support Fatal Frame
0%
Moe Primary The Legendary Starfy
0%
Mokka Primary Magical Vacation
0%
Munchy Monk Primary Rhythm Heaven
0%
Nathan Graves Primary Castlevania
0%
Nibbles Primary Fossil Fighters
0%
Nico Fire Support StreetPass Mii Plaza
0%
Noise Support Kiki Trick
0%
Num Diddly Support Make 10: A Journey of Numbers
0%
Octoling Girl & Octoling Boy Primary Splatoon
0%
Olberic & Primrose Support OCTOPATH TRAVELER
0%
Old Man Lobber Support The Legendary Starfy
0%
Ouendan Support Osu! Tatakae! Ouendan
0%
Ouendan Cheerleaders Support Osu! Tatakae! Ouendan
0%
Paul Phoenix & Marshall Law Primary Tekken
0%
Phantom Thieves of Heart Support Persona
0%
Plane Support Pilotwings
0%
Pneuma Support Xenoblade Chronicles
0%
Pocket Football Player Support Calciobit
0%
Prince Saruno Support Tsukutte Utau: Saru Band
0%
Professor Riggs & Plaise & Lerna Support Nintendo Labo
0%
Prophet Primary Bayonetta
0%
Radiant Gleam Primary DAEMON X MACHINA
0%
Raymond Bryce Primary Disaster: Day of Crisis
0%
Razewing Ratha Primary MONSTER HUNTER
0%
Reinhardt Schneider Primary Castlevania
0%
Rex (Master Driver) Primary Xenoblade Chronicles
0%
River Survival Support Super Mario
0%
Rodin, the Infinite One Primary Bayonetta
0%
Roturret Primary Super Smash Bros.
0%
Rusty Slugger Support Rusty's Real Deal Baseball
0%
Ryo Sakazaki Primary Art of Fighting
0%
Ryota Hayami Support Wave Race
0%
Ryuichi & Ryuji Primary River City
0%
Sagi Primary Baten Kaitos
0%
Satoru Primary Trade & Battle: Card Hero
0%
Satoru Amatsubo Support Project Hacker: Kakusei
0%
Sebastian Tute Support Wii Music
0%
Seth & Gloria Primary Bravely Default
0%
Shadow Bug Support Super Smash Bros.
0%
Shanoa Primary Castlevania
0%
Shinobu Primary StreetPass Mii Plaza
0%
Shop Assistant Support Style Savvy
0%
Spyke Primary Splatoon
0%
ST Falcon Primary Battle Clash
0%
Subspace Bomb Suppport Super Smash Bros.
0%
Sumo Brothers Primary Rhythm Heaven
0%
Super Sea Snail Support Splatoon
0%
Tank & Infantry Support Famicom Wars
0%
The Creature & Flea Man Support Castlevania
0%
The Turks & Rufus Shinra Support FINAL FANTASY
0%
Tomatrio Support Tomato Adventure
0%
Toy-Con Car Support Nintendo Labo
0%
Toy-Con Robot Primary Nintendo Labo
0%
Toy-Con VR Goggles Support Nintendo Labo
0%
Toy Poodle Support Nintendogs
0%
Tractor Trailer Support Stunt Race FX
0%
Tressa & Cyrus Primary OCTOPATH TRAVELER
0%
Trevor C. Belmont Primary Castlevania
0%
Urban Champion Fighter Support Urban Champion
0%
Wandering Samurai (Rhythm Heaven Fever) Primary Rhythm Heaven
0%
Warrior Mech Gauss Primary Chōsōjū Mecha MG
0%
Welt Primary Soma Bringer
0%
Yama Support SimTower SP
0%
Yoko Belnades Support Castlevania
0%
Yuri Kozukata Support Fatal Frame
0%
Zael Primary The Last Story
0%
No matching quizzes found
Score Distribution
Percent of People with Each Score
Percentile by Number Answered
Your Score History
You have not taken this quiz